[Event "Penang op 6th"]
[Site "Penang"]
[Date "2014.12.12"]
[Round "9"]
[White "Asman, Nur Sabrina Aliya"]
[Black "Tan, Kok Liang"]
[Result "1/2-1/2"]
[WhiteElo "1653"]
[BlackElo "1951"]
[PlyCount "98"]
[EventDate "2014.12.08"]
[EventType "swiss"]
[EventRounds "9"]
[EventCountry "MAS"]
[SourceTitle "CBM 163 Extra"]
[Source "ChessBase"]
[SourceDate "2014.12.23"]
[SourceVersion "1"]
[SourceVersionDate "2014.12.23"]
[SourceQuality "1"]

1. e4 c5 2. c3 d5 3. exd5 Qxd5 4. d4 Nc6 5. Nf3 Bg4 6. Be2 e6 7. 0-0 Nf6 8. Be3 Rd8 9. Nbd2 cxd4 10. Nxd4 Bxe2 11. Qxe2 Be7 12. Rfd1 0-0 13. N2b3 a6 14. Rac1 Nxd4 15. Rxd4 Qc6 16. Rcd1 Rxd4 17. Rxd4 Rd8 18. Rxd8+ Bxd8 19. Nd4 Qd5 20. c4 Qe4 21. Qc2 Qe5 22. Nf3 Qd6 23. Qd2 Qxd2 24. Nxd2 Kf8 25. Kf1 Ke8 26. Ke2 Kd7 27. h3 Kc6 28. Kd3 Nd7 29. b4 Be7 30. Kc3 f5 31. a4 e5 32. f3 b5 33. Kb3 Nf8 34. cxb5+ axb5 35. a5 Kb7 36. Kc3 Nd7 37. Nb3 Nb8 38. Nc5+ Bxc5 39. Bxc5 Kc6 40. Bf8 g6 41. g4 Kd5 42. Kd3 Na6 43. gxf5 gxf5 44. Be7 Ke6 45. Bf8 Kd5 46. Be7 h6 47. Ke3 Ke6 48. Bf8 h5 49. Kd3 Kd5 1/2-1/2

[Event "Penang op 6th"]
[Site "Penang"]
[Date "2014.12.10"]
[Round "5"]
[White "Tan, Kok Liang"]
[Black "Greenwood, Martin"]
[Result "1-0"]
[WhiteElo "1951"]
[BlackElo "1585"]
[PlyCount "97"]
[EventDate "2014.12.08"]
[EventType "swiss"]
[EventRounds "9"]
[EventCountry "MAS"]
[SourceTitle "CBM 163 Extra"]
[Source "ChessBase"]
[SourceDate "2014.12.23"]
[SourceVersion "1"]
[SourceVersionDate "2014.12.23"]
[SourceQuality "1"]

1. d4 Nf6 2. c4 g6 3. Nc3 Bg7 4. e4 d6 5. f3 0-0 6. Be3 b6 7. Qd2 c5 8. d5 Nbd7 9. Nh3 Ne5 10. Nf2 Ba6 11. b3 Nh5 12. Rc1 f5 13. f4 Ng4 14. Nxg4 fxg4 15. Be2 Bc8 16. 0-0 e5 17. dxe6 Bxe6 18. f5 gxf5 19. exf5 Qh4 20. Qxd6 Bf7 21. g3 Qf6 22. Qxf6 Nxf6 23. Rfd1 Rfe8 24. Bg5 Ne4 25. Nxe4 Rxe4 26. Bd3 Bd4+ 27. Kf1 Ree8 28. Re1 h5 29. Rxe8+ Rxe8 30. Re1 Rxe1+ 31. Kxe1 Be5 32. Kf2 Be8 33. Be4 Bd4+ 34. Kg2 Be5 35. h3 b5 36. hxg4 hxg4 37. Be3 Bd6 38. Bf4 Be7 39. Be5 Bg5 40. Kf2 Kf7 41. Bd6 Be7 42. Bd5+ Kf6 43. Bxe7+ Kxe7 44. Ke3 Kf6 45. Kf4 bxc4 46. Bxc4 Bh5 47. Be2 a5 48. Bxg4 Bf7 49. Be2 1-0